00533nam a22001817a 4500010001500000020002700015020002400042035001300066037001300079082001200092100001700104245004300121260004500164270006600209300003100275600001800306650002700324 aENG-112144 a9780198065807c3995.00 a0198065809c3995.00 aEN-95676 bDBAD/PUB a779.092 aJanah, Sunil aPhotographing India / bby Sunil Janah aNew DelhibOxford University Pressc2013 aYMCA Library Building, 1, Jai Singh Road, bNew Delhie110001 axii,300p.:c30cm(Hb)bill. aJanah, Sunil. aPhotography, Artistic.